000 00307nam a22001337a 4500
008 170731b xxu||||| |||| 00| 0 eng d
020 _a639785309277
041 _aeng
080 _a004
100 _a32
101 _aSHK
245 _aVISUAL BASIC 6 CERTIFICATION EXAM GUIDE
_cMEZICK,D
942 _2udc
_cBK
999 _c22276
_d22276